Road Trip - Countries in Europe - Statistics

General Stats
  • This quiz has been taken 76 times
  • The average score is 5 of 21
Answer Stats
Hint Answer % Correct
West Portugal
100%
North Ireland
78%
North United KIngdom
76%
South Belgium
24%
South France
24%
East Germany
22%
East Poland
15%
South Czechia
13%
South Slovakia
13%
East The Netherlands
11%
East Albania
9%
South Austria
9%
West Italy
9%
North Kosovo
9%
West Belarus
7%
East Estonia
7%
West Greece
7%
East Russia
7%
North Sweden
7%
South Turkey
4%
South Ukraine
4%
No matching quizzes found
Score Distribution
Percent of People with Each Score
Percentile by Number Answered
Your Score History
You have not taken this quiz